000 00581nam a2200229Ia 4500
003 OSt
005 20220928100057.0
006 a|||||r|||| 00| 0
007 ta
008 220927b |||||||| |||| 00| 0 eng d
024 _a47906
037 _cTextual
040 _aSDCL
_cSDCL
_beng
041 _2eng
_aeng
082 _aR3xC57, L5
100 _aVlastos Gregory
_9391574
245 0 _aPlato's Universe.
260 _aOxford
_bCarendon Press
_c1975
300 _a130
_ccm.
942 _hR3xC57, L5
_cTEXL
_2CC
999 _c707379
_d707379